000
00251nam a22001097a 4500
008
211029b ||||| |||| 00| 0 eng d
050
_a
005
_b
1
245
_a
Introduction To Coding,Grade-VIII
260
_a
Delhi
_b
CBSE
300
_a
1
942
_2
ddc
_c
BK
999
_c
11866
_d
11866